000 00370nam a2200157Ia 4500
003 OSt
005 20231216064749.0
008 170524s9999 xx 000 0 und d
020 _a0-7506-4531-8
040 _cIIMT UNIVERSITY
100 _aMorgan
245 0 _aAdvertising in tourism and leisure
260 _bButterworth Heinemann
260 _c2001
942 _2ddc
_c02
999 _c7003
_d7003